000 00783nam a2200253Ia 4500
003 OSt
005 20220925224253.0
006 a|||||r|||| 00| 0
007 ta
008 220923b |||||||| |||| 00| 0 eng d
037 _cGeneral Book
040 _aRTL
_cRTL
_beng
041 _2eng
_aeng
082 _aY:434:6.73.N6, K7
100 _aMarris Peter
_9130066
245 0 _aDilemmas of social reform
_b Poverty and community action in the united states
260 _alondon
_broutledge & kegan paul
_c1967
300 _a248p
_ccm.
490 _aReport of the Institute of Community Studies
650 _aPoverty
700 _a Rein Martin
_9134431
942 _hY:434:6.73.N6, K7
_cGB
_2CC
999 _c581215
_d581215